000 00416nam a2200169Ia 4500
003 OSt
005 20240309143918.0
008 170619s9999 xx 000 0 und d
020 _a9780071140713
040 _cIIMT ENGINEERING COLLEGE
100 _aBearpark- Keith
245 0 _aComputer communication A business perspective
260 _bMc Graw Hill
260 _c1996
546 _aENGLISH
942 _2ddc
_c01
999 _c17621
_d17621